Mitch, deuda externa, desastres, emigrantes, remesas...

El presidente de los Estados Unidos, William Clinton, visitó Nicaragua y Centroamérica entre el 8 y 11 de marzo. Además de la ayuda humanitaria y de emergencia, ¿cómo apoyará Estados Unidos la reconstrucción de nuestros países? He aquí fragmentos de un documento, cuyo análisis y planteamientos han t...

وصف كامل

محفوظ في:
التفاصيل البيبلوغرافية
مؤلف مشترك: INCAE. SICA
التنسيق: نص
الموضوعات:
الوسوم: إضافة وسم
لا توجد وسوم, كن أول من يضع وسما على هذه التسجيلة!

MARC

LEADER 00000 a a2200000 04500
001 7097
003
040
245 |a Mitch, deuda externa, desastres, emigrantes, remesas... 
520 |a El presidente de los Estados Unidos, William Clinton, visitó Nicaragua y Centroamérica entre el 8 y 11 de marzo. Además de la ayuda humanitaria y de emergencia, ¿cómo apoyará Estados Unidos la reconstrucción de nuestros países? He aquí fragmentos de un documento, cuyo análisis y planteamientos han tenido gran influencia en la actual política USA hacia la región. REV/SCM  
650 |a TORMENTAS  
650 |a DESASTRES NATURALES  
650 |a MIGRACION  
650 |a EMIGRACION  
710 |a INCAE. SICA  
773 |g volumen 18, número 204; páginas 45-54  
999 |c 30024  |d 30024